Alle Willicher Stadtteile - Statistiken

Allgemein
  • Dieses Quiz wurde 28 mal gespielt
    13 seit der letzten Aktualisierung
  • Das Durchschnittsergebnis liegt bei 27 aus 41
Antwortstatistiken
Stadtteil % Korrekt
37 Alt Willich
100%
3 Anrath
100%
10 Klein Jerusalem
100%
8 Knickelsdorf
100%
4 Neersen
100%
33 Neersener Bruchsee
100%
7 Niederheide
100%
2 Schiefbahn
100%
6 Unterbruch
100%
5 Wekeln
100%
32 Wekeln See
100%
1 Willich
100%
14 Willicher Heide
100%
23 Am Nordkanal
67%
11 Am Schloss
67%
16 Bertz
67%
15 Dicker Heide
67%
17 Donk
67%
24 Fernsehturm
67%
25 Fotzhöfe
67%
19 Grenzweg
67%
20 Hagwinkel
67%
13 Hardt
67%
31 Hülsdonk
67%
12 JVA
67%
26 Moosheide
67%
9 Münchheide
67%
22 Schiefbahn Flughafen
67%
36 Stahlwerk
67%
18 Vennheide
67%
39 Vinhoven
67%
30 Am Anger
33%
27 An der Niers
33%
21 Clörath
33%
35 Diepeshof
33%
34 Klein Kempen
33%
41 Schiefbahner Dreieck
33%
28 Sitterheide
33%
29 Bökel
0%
40 Ramshof
0%
38 Trabrennban
0%
Keine übereinstimmenden Quizze gefunden
Verteilung der Resultate
Anzahl Personen mit jedem Resultat
Perzentil nach korrekt beantworteten Fragen
Ihre Resultats-Entwicklung
Sie haben dieses Quiz seit der letzten Aktualisierung nicht gespielt